Einführung in die Algebra.

Guardado en:
Autor Principal: Kochendörffer, R. 1911-
Formato: Libro
Idioma:German
Publicado: Berlin : Deutscher Verlag der Wissenschaften, 1966.
Edición:3., berichtigte Aufl.
Series:Hochschulbücher für Mathematik ; Bd. 18.
Materias:
Etiquetas: Agregar Etiqueta
Sin Etiquetas, Sea el primero en etiquetar este registro!
LEADER 00688nam a22002051a 4500
001 MAT.inmabb005516
008 841218s1966####ge#######b####000#0#ger##
005 20180502182507.0
245 1 0 |a Einführung in die Algebra. 
250 |a 3., berichtigte Aufl. 
260 |a Berlin :  |b Deutscher Verlag der Wissenschaften,  |c 1966. 
300 |a xii, 315 p. ;  |c 24 cm. 
490 1 |a Hochschulbücher für Mathematik ;  |v Bd. 18 
504 |a Bibliografía: p. [310]-311. 
510 4 |a MR,  |c 25 #5078 
100 1 |a Kochendörffer, R.  |q (Rudolf),  |d 1911- 
830 0 |a Hochschulbücher für Mathematik ;  |v Bd. 18. 
650 0 |a Algebra. 
084 |a 00.00 (16.00)  |2 MR 
859 |h 00A05A  |i K76-3  |p A-2682  |b BIB. MATEMATICA